| 000 | 00495nam a22001817a 4500 | ||
|---|---|---|---|
| 003 | NUST-PNEC | ||
| 005 | 20170116180705.0 | ||
| 008 | 140918b xxu||||| |||| 00| 0 eng d | ||
| 040 | _cPNEC | ||
| 082 | _a005.265 VIR | ||
| 100 |
_9308 _aDr. Naveed A. Malik |
||
| 245 |
_aIntroduction to programming CS-201 (Lecture Notes) _cDr. Naveed A. Malik |
||
| 260 |
_aLahore _bVirtual University of Pakistan |
||
| 300 |
_a563 p. : _c26 cm. |
||
| 500 | _aLecture Notes | ||
| 650 | _xMIS | ||
| 942 |
_2ddc _cBK |
||
| 999 |
_c60678 _d60678 |
||